| 000 | 00709nam a2200205Ia 4500 | ||
|---|---|---|---|
| 999 |
_c43028 _d43028 |
||
| 003 | GCL | ||
| 005 | 20240530103846.0 | ||
| 008 | 140319s9999 xx 000 0 ara d | ||
| 040 |
_aGCL / _cGCL |
||
| 082 | 0 | 4 |
_a190 _bت ل |
| 100 | 1 | _aتول ، ك. روس | |
| 245 | 1 | 0 |
_aلقد ان الاوان : _bازمة الشباب فى العالم الجديد / _cتأليف ك. روس تول ؛ ترجمة يوسف ميخائيل اسعد ؛ تقديم عبدالحميد حسن |
| 300 |
_a247 ص. ؛ _c22 سم. |
||
| 490 |
_aيوميات الابراج _v0 |
||
| 650 | 0 | 4 | _aالفلسفة |
| 650 | 0 | 4 | _aالمراهقة |
| 650 | 0 | 4 | _aالشباب |
| 650 | 0 | 4 | _aالفلسفة الغربية |
| 942 |
_2ddc _cBK |
||